L'oeuvre du maitre / (Record no. 133064)
[ view plain ]
| 000 -LEADER | |
|---|---|
| campo de control de longitud fija | 00463nam a2200157 4500 |
| 001 - NÚMERO DE CONTROL | |
| campo de control | 133064 |
| 003 - IDENTIFICADOR DE NÚMERO DE CONTROL | |
| campo de control | ES-MaACL |
| 005 - FECHA Y HORA DE LA ÚLTIMA TRANSACCIÓN | |
| campo de control | 20230906194322.0 |
| 007 - CAMPO FIJO DE DESCRIPCIÓN FÍSICA--INFORMACIÓN GENERAL | |
| campo de control de longitud fija | t| |
| 008 - DATOS DE LONGITUD FIJA--INFORMACIÓN GENERAL | |
| campo de control de longitud fija | 070214s1912 gw r ||||1| fre d |
| 100 1# - ENTRADA PRINCIPAL--NOMBRE DE PERSONA | |
| Nombre de persona | Rubens, Peter Paul. |
| 9 (RLIN) | 100291 |
| 245 12 - MENCIÓN DEL TÍTULO | |
| Título | L'oeuvre du maitre / |
| Mención de responsabilidad, etc. | P. P. Rubens. |
| 260 ## - PUBLICACIÓN, DISTRIBUCIÓN, ETC. | |
| Lugar de publicación, distribución, etc. | [S. l.] : |
| Nombre del editor, distribuidor, etc. | [s. n.], |
| Fecha de publicación, distribución, etc. | 1912 ( |
| Lugar de fabricación/manufactura | Stuttgart : |
| Fabricante | Imp. Classiques de l'Art) |
| 300 ## - DESCRIPCIÓN FÍSICA | |
| Extensión | XXV, 523 p. : |
| Otras características físicas | il. ; |
| Dimensiones | 24 x 18 cm. |
| 852 ## - LOCALIZACIÓN | |
| Ubicación | ES-MaACL |
| Número de control de estantería | F-1646 |
| Estatus retirado | Estado de pérdida | Estado de daño | No para préstamo | Biblioteca de origen | Biblioteca actual | Ubicación en estantería | Fecha de adquisición | Fuente de adquisición | Total de préstamos | Signatura topográfica completa | Código de barras | Visto por última vez | Precio de reemplazo | Tipo de ítem Koha |
|---|---|---|---|---|---|---|---|---|---|---|---|---|---|---|
| Biblioteca del Ateneo de Madrid | Biblioteca del Ateneo de Madrid | Depósito 2 | 17/01/2008 | F-1646 | 1138528 | 23/02/2023 | 23/02/2023 | Libro impreso |
